000 00477 a2200169 4500
001 066206
003 OSt
005 20210915152923.0
008
082 _a005.133
_bG34N
100 1 _aGhosh, Pallab
245 1 _aNumerical methods with computer programs in C++
_cby Pallab Ghosh
260 _aNew Delhi
_bPHI
_c2006
300 _a641p.
690 _aNumerical analysis--Data processing; C++ (Computer program language)
942 _2ddc
_cBK
999 _c368
_d368